[Event "GER-chT School WK H+R"]
[Site "Playchess.com INT"]
[Date "2020.06.17"]
[Round "5.4"]
[White "Skowronek, Ziemowit"]
[Black "Brauer, Marek"]
[Result "1/2-1/2"]
[WhiteElo "1537"]
[BlackElo "1414"]
[PlyCount "138"]
[EventDate "2020.06.10"]
[EventType "team-swiss (blitz)"]
[EventRounds "7"]
[EventCountry "GER"]
[SourceTitle "EXT 2021"]
[Source "ChessBase"]
[SourceDate "2020.10.23"]
[SourceVersion "1"]
[SourceVersionDate "2020.10.23"]
[SourceQuality "1"]
[WhiteTeam "Fuerth HBS"]
[BlackTeam "Aschersleben Adam Olearius"]
[WhiteTeamCountry "GER"]
[BlackTeamCountry "GER"]

1. d4 d5 2. c4 c6 3. Nc3 e6 4. Bf4 Bd6 5. Bxd6 Qxd6 6. Nf3 f5 7. e3 Nf6 8. cxd5 exd5 9. g3 0-0 10. Bg2 Ne4 11. Nxe4 fxe4 12. Nd2 Nd7 13. Qb3 Nf6 14. Nxe4 Nxe4 15. Bxe4 Be6 16. Bg2 Rab8 17. 0-0 Rf7 18. Qc2 Bf5 19. Qd2 Rbf8 20. Rae1 Re8 21. a3 a6 22. Rc1 Rfe7 23. Qb4 Qxb4 24. axb4 Rc8 25. Rfe1 Rce8 26. Rc3 Be4 27. Bxe4 Rxe4 28. Kf1 R4e7 29. Kg2 Rf8 30. Rc2 Ref7 31. f4 Re7 32. Kf3 h6 33. h4 Kh7 34. g4 g6 35. g5 hxg5 36. hxg5 Kg7 37. Rh1 Rh8 38. Rxh8 Kxh8 39. Rh2+ Kg7 40. b3 Re8 41. Kg4 Rxe3 42. f5 Rxb3 43. fxg6 Kxg6 44. Rh6+ Kg7 45. Kf5 Rf3+ 46. Kg4 Rf8 47. Rd6 Rf7 48. g6 Rf6 49. Rd7+ Kxg6 50. Rxb7 Rf7 51. Rb6 Rc7 52. Rxa6 Kf6 53. Kf4 Ke6 54. b5 Kd7 55. bxc6+ Rxc6 56. Rxc6 Kxc6 57. Ke5 Kd7 58. Kxd5 Kc7 59. Kc5 Kd7 60. d5 Kc7 61. Kb5 Kd6 62. Kc4 Kc7 63. Kc5 Kd7 64. Kc4 Kc7 65. Kd4 Kd6 66. Ke4 Kc7 67. Ke5 Kd7 68. Kd4 Kd6 69. Kc4 Kc7 1/2-1/2